Statistics for Australian States - 20 second split

Click here to take the quiz!

General Stats

  • This quiz has been taken 25 times
  • The average score is 5 of 8

Answer Stats

Answer% Correct
New South Wales
82%
Tasmania
82%
Victoria
73%
Northern Territory
64%
Queensland
55%
Western Australia
45%
Australian Capital Territory
36%
South Australia
36%

Score Distribution

Percentile by Number Answered

Percent of People with Each Score

Your Score History

You have not taken this quiz